000 00561nam a22001457a 4500
005 20250206174713.0
008 241105b |||||||| |||| 00| 0 eng d
100 _aRaygorodetsky, Gleb.
_eauthor.
_963585
245 _aThrough the lens :
_bkiliii yüyan /
_cGleb Raygorodetsky.
260 _aWashington ;
_bNational Geographic Partners, LLC.,
_cDecember 2022.
300 _avolume 241, pages 23-28,
_billustration.
500 _aNational Geographic, v. 242, n. 11, pages 23-28, September 2022.
700 _aRaygorodetsky, Gleb.
_eauthor.
_963584
942 _2ddc
_cPER
999 _c22990
_d22990